Выставка новых приобретений (Запись № 3713520)

Подробности
000 -МАРКЕР
контрольное поле 01505nam0a2200289 4500
001 - ИДЕНТИФИКАТОР ЗАПИСИ
контрольное поле RU\NLR\bibl\1963437
005 - ИДЕНТИФИКАТОР ВЕРСИИ
контрольное поле 20260407101240.0
035 ## - ДРУГИЕ СИСТЕМНЫЕ НОМЕРА
Идентификатор записи (NLR-PROSOFT)rc\2567975
035 ## - ДРУГИЕ СИСТЕМНЫЕ НОМЕРА
Идентификатор записи (NLR Aleph) 001952421
100 ## - ДАННЫЕ ОБЩЕЙ ОБРАБОТКИ
Данные общей обработки 20110914d1927 |||y0rusy50 ca
101 0# - ЯЗЫК РЕСУРСА
Язык текста, звукозаписи и т.д. русский
102 ## - СТРАНА ПУБЛИКАЦИИ ИЛИ ПРОИЗВОДСТВА
Страна публикации Российская Федерация
105 ## - ПОЛЕ КОДИРОВАННЫХ ДАННЫХ: ТЕКСТОВЫЕ МАТЕРИАЛЫ, МОНОГРАФИЧЕСКИЕ
Кодированные данные о монографическом текстовом документе ac b |||||
200 1# - ЗАГЛАВИЕ И СВЕДЕНИЯ ОБ ОТВЕТСТВЕННОСТИ
Основное заглавие Выставка новых приобретений
Сведения, относящиеся к заглавию (Живопись, рисунок)
-- Подробный иллюстрированный каталог...
Первые сведения об ответственности Б. Терновец
Последующие сведения об ответственности Госуд. музей нового зап. искусства. II Морозовское отд-ние
210 ## - ПУБЛИКАЦИЯ, РАСПРОСТРАНЕНИЕ И ДР.
Место издания, распространения и т.д. Москва
Имя издателя, распространителя и т. д. Гос. музей нового зап. искусства
Дата издания, распространения и т.д. 1927
Имя изготовителя "Мосполиграф", 16 тип.
215 ## - ФИЗИЧЕСКАЯ ХАРАКТЕРИСТИКА
Специфическое обозначение материала и объем 71 с.
Другие сведения о физической характеристике ил., портр.
Размеры 17х13
300 ## - ОБЩИЕ ПРИМЕЧАНИЯ
Текст примечания Перед загл. - Б. Терновец
300 ## - ОБЩИЕ ПРИМЕЧАНИЯ
Текст примечания На обл. подзаголовок: "Вступ. статья, подробный каталог, 17 репродукций"
325 1# - ПРИМЕЧАНИЕ О КОПИИ
Текст примечания Микрофильм РНБ Репроцентр Санкт-Петербург, 2012. Шифр: Мф К1/35250
702 #1 - ИМЯ ЛИЦА - ВТОРИЧНАЯ ОТВЕТСТВЕННОСТЬ
Начальный элемент ввода Терновец
Часть имени, кроме начального элемента ввода Б.
Код отношения Прочие
710 02 - НАИМЕНОВАНИЕ ОРГАНИЗАЦИИ - ПЕРВИЧНАЯ ОТВЕТСТВЕННОСТЬ
Начальный элемент ввода Музей нового западного искусства
Идентифицирующий признак Москва
Структурное подразделение Выставка новых приобретений
Дата проведения временной организации 1927
Идентификатор авторитетной/нормативной записи RU\NLR\AUTH\8810055629
Системный номер авторитетной/нормативной записи 611898
801 #0 - ИСТОЧНИК ЗАПИСИ
Страна Российская Федерация
Организация NLR
Дата составления 20110914
801 #1 - ИСТОЧНИК ЗАПИСИ
Страна Российская Федерация
Организация NLR
Дата составления 20121102
852 ## - МЕСТОНАХОЖДЕНИЕ И ШИФР ХРАНЕНИЯ
Идентификатор организации NLR
Шифр хранения (Call Number) 25/1208
942 ## - ДОПОЛНИТЕЛЬНЫЕ ЭЛЕМЕНТЫ ЗАПИСИ (АБИС)
Тип экземпляра АБИС Книга
980 ## - КОЛЛЕКЦИЯ
Название коллекции Национальная библиография
Экземпляры
Тип экземпляра Дата поступления Источник поступления Библиотека постоянного хранения Библиотека текущего хранения Место хранения Шифр хранения Штрих-код Статус экземпляра
Книга 13.11.2012 Дар РНБ (Московский) РНБ (Московский) Фонд микроформ Мф К1/35250 3766285